000 00409nam a2200157Ia 4500
008 210716s1996 xx 000 0 und d
020 _a8175150947
041 _aeng
082 _a005.26301 COXJ
100 _aCox, Joyce; Urban, Polly.
245 _aQuick course in microsoft office.
250 _a1
260 _aNew Delhi
_bGalgotia Publications Pvt Ltd
_c1996
300 _a264,8
650 _aMS Office
999 _c184755
_d184755